Por un cambio en la salud de la población juvenil: cuaderno de UNICEF sobre programación para el desarrollo y la salud de la población juvenil
Gespeichert in:
| Körperschaft: | |
|---|---|
| Format: | Text |
| Veröffentlicht: |
s.l:
UNICEF
|
| Schlagworte: | |
| Tags: |
Tag hinzufügen
Keine Tags, Fügen Sie den ersten Tag hinzu!
|
MARC
| LEADER | 00000 a a2200000 04500 | ||
|---|---|---|---|
| 001 | 12139 | ||
| 003 | |||
| 040 | |||
| 090 | |a 1004 U58c | ||
| 110 | |a UNICEF | ||
| 245 | |a Por un cambio en la salud de la población juvenil: cuaderno de UNICEF sobre programación para el desarrollo y la salud de la población juvenil | ||
| 260 | |a s.l: |b UNICEF | ||
| 300 | |a 163 p. | ||
| 300 | |b **no definido** |b il. |b fonodiscos | ||
| 650 | |a SALUD | ||
| 650 | |a JUVENTUD | ||
| 999 | |c 15695 |d 15695 | ||
